Quiz de paroles de chansons les plus joués sur JetPunk - Statistiques

Statistiques générales
  • Ce quiz a été pris 1 529 fois
  • Le résultat moyen est 13 sur 30
Statistiques - réponses
Prises Interprète Chanson % Correct
9 785 Bigflo & Oli Dommage
83%
8 119 Stromae Papaoutai
81%
4 010 Angèle Balance ton quoi
70%
4 621 Amel Bent Ma philosophie
64%
32 318 (Compositeur) Rouget de Lisle La Marseillaise
63%
3 654 Diam's, Vitaa Confessions nocturnes
59%
3 493 Vegedream Ramenez la coupe à la maison
58%
3 595 Charles Aznavour La Bohème
57%
15 655 Anaïs Delva Libérée, Délivrée
54%
6 140 Renaud Mistral gagnant
53%
6 569 Damso Macarena
52%
6 452 Renan Luce La Lettre
51%
8 253 Garou, Daniel Lavoie, Patrick Fiori Belle (Notre Dame de Paris)
50%
5 945 Manau La tribu de Dana
50%
6 944 Lomepal Trop beau
45%
4 508 Kyo Dernière danse
44%
3 772 Indochine J'ai demandé à la lune
44%
4 424 Michel Sardou Les lacs du Connemara
44%
5 384 Axelle Red, Renaud Manhattan-Kaboul
43%
5 363 Téléphone Cendrillon
42%
5 023 Nekfeu On verra
42%
6 418 Céline Dion Pour que tu m'aimes encore
41%
3 951 Images Les démons de minuit
40%
6 749 Francis Cabrel Je l'aime à mourir
39%
8 220 Daniel Balavoine Le Chanteur
36%
4 609 Daniel Balavoine Tous les cris les S.O.S
24%
3 959 Philippe d'Avilla, Damien Sargue, Grégori Baquet Les Rois du monde
12%
9 478 Jean-Marc Anthony Kabeya Pokémon - Générique
5%
4 793 (Compositeur) Calixa Lavallée Ô Canada
1%
4 412 T-PistonZ Inazuma Eleven - Générique
0%
Aucun quiz correspondant
Distribution des résultats
% des personnes avec chaque résultat
Percentile par nombre de réponses
Votre historique - résultats
Vous n’avez pas pris ce quiz